假面山莊殺人事件 / (Record no. 7707)

MARC details
000 -LEADER
fixed length control field 00729cam a2200265 i 4500
001 - CONTROL NUMBER
control field vtls001453437
003 - CONTROL NUMBER IDENTIFIER
control field VRT
005 - DATE AND TIME OF LATEST TRANSACTION
control field 20260410144056.0
008 - FIXED-LENGTH DATA ELEMENTS--GENERAL INFORMATION
fixed length control field 130418s2013 ch 000 1 chi d
020 ## - INTERNATIONAL STANDARD BOOK NUMBER
International Standard Book Number 9789573329831 (平裝) :
Terms of availability NT$250
040 ## - CATALOGING SOURCE
Original cataloging agency TKU
Language of cataloging chi
Transcribing agency TKU
041 1# - LANGUAGE CODE
Language code of text/sound track or separate title chi
Language code of original jpn
042 ## - AUTHENTICATION CODE
Authentication code nbic
082 ## - DEWEY DECIMAL CLASSIFICATION NUMBER
Classification number 861.57
090 ## - LOCALLY ASSIGNED LC-TYPE CALL NUMBER (OCLC); LOCAL CALL NUMBER (RLIN)
Classification number (OCLC) (R) ; Classification number, CALL (RLIN) (NR) 861.57
100 1# - MAIN ENTRY--PERSONAL NAME
Personal name 東野圭吾,
Dates associated with a name 1958-,
Relator term
245 10 - TITLE STATEMENT
Title 假面山莊殺人事件 /
Statement of responsibility, etc. 東野圭吾著 ; 王蘊潔譯
250 ## - EDITION STATEMENT
Edition statement 初版
260 ## - PUBLICATION, DISTRIBUTION, ETC.
Place of publication, distribution, etc. 臺北市 :
Name of publisher, distributor, etc. 皇冠文化出版公司,
Date of publication, distribution, etc. 2013.05
300 ## - PHYSICAL DESCRIPTION
Extent 251面 ;
Dimensions 21公分
700 1# - ADDED ENTRY--PERSONAL NAME
Personal name 王蘊潔,
Relator term
830 #0 - SERIES ADDED ENTRY--UNIFORM TITLE
Uniform title 東野圭吾作品集 ;
Volume/sequential designation 16.
830 #0 - SERIES ADDED ENTRY--UNIFORM TITLE
Uniform title 皇冠叢書 ;
Volume/sequential designation 4302.
942 ## - ADDED ENTRY ELEMENTS (KOHA)
Source of classification or shelving scheme 中文圖書分類法
Koha item type 一般圖書
Holdings
撤銷狀態 遺失狀態 分類號來源 損壞狀態 不外借 永久館藏地 現在館藏地 書架位置 採購日期 全部借出 完整索書號 條碼號 最後一次日期記錄 一般價格有效日期 Koha館藏類型 公開資訊
未註銷館藏 未遺失 中文圖書分類法 未損毀 可外借 怡仁綜合醫院圖書館 怡仁綜合醫院圖書館   2026-04-10   861.57 C03290 2026-04-10 2026-04-10 一般圖書 愛一個人的極致是什麼?為了他,你可以戴上多少假面? 恨一個人的意志是什麼?只靠「殺意」,真的就可以殺人嗎? 兩個逃亡中的銀行搶匪闖入了深山裡的別墅,八名男女被迫成為人質。他們聚集在這裡,原本是為了在婚禮前夕意外身亡的新娘朋美,八個人中有朋美的未婚夫、父母、表妹以及好友。 在這座完全與外界斷絕聯絡的山莊裡,他們試圖逃脫,卻因為有內鬼破壞計畫,最後都告失敗。而在一片恐懼和緊張中,有人慘遭殺害,但根據現場狀況研判,卻並非兩名搶匪所為。究竟誰是內鬼?誰是兇手?朋美又真的是單純的意外死亡嗎?剩下的七個人疑神疑鬼,彼此猜忌,互相牽制,他們就像被困在蛛網上的獵物,只能等待真相用最激烈的手段反噬……
怡仁醫院| 地址:32643桃園市楊梅區楊新北路321巷30號 | 服務專線:03-4855566 | 電子郵件信箱:
Copyright © 1996 CHC Hospital